000 01011cad a22002415a 4500
001 E148137
008 090804s2009 xxk f f000 0 eng d
020 _a9781409816348
035 _a(Sirsi) u148137
041 0 _aeng
050 0 4 _a711.1 $2 18
110 2 _aUnited Kingdom
_bDepartment for Communities and Local Government
_94939
245 0 0 _aImproving permitted development
_bconsultation
_h[electronic resource]
260 _aLondon
_bDCLG
_c2009
520 _aSeeks views on proposed changes to the planning system related to permitted development rights, Article 4 Directions and the regulation of non domestic hard-surfacing.
520 _aDeadline for comments is 23 October 2009.
521 _aAdvanced
590 _aKA NTK
651 4 _aEngland
_y886-
690 _aPlanning and development
_96259
856 4 0 _uhttps://www.communities.gov.uk/publications/planningandbuilding/improvingdevelopmentconsultation
_zView the consultation free of charge at www.communities.gov.uk...
942 _n0
999 _c109904
_d109904